| 000 | 004170000a22001450004500 | ||
|---|---|---|---|
| 041 | 0 | _aSPA | |
| 082 | 0 | 4 | _aG 987.03 C9119 |
| 100 | 1 | _aCárdenas Acosta, Pablo E. (Enrique) | |
| 245 | 1 | 0 | _aEl movimiento comunal de 1781 en el Nuevo Reino de Granada / Pablo E. Cárdenas Acosta |
| 260 | _aBogotá, Colombia : Kelly | ||
| 300 | _a399 Pag | ||
| 500 | _aCon copiosa documentación inédita | ||
| 001 | 11670 | ||
| 942 | _cBK | ||
| 999 |
_c40874 _d40874 |
||